Normal view
MARC view
- تاريخ-تاريخ اللغة العربية-اللغة العربية
Entry Topical Term
001 - CONTROL NUMBER
- control field: 14176
003 - CONTROL NUMBER IDENTIFIER
- control field: JO-AjAnu
005 - DATE AND TIME OF LATEST TRANSACTION
- control field: 20230606072550.0
008 - FIXED-LENGTH DATA ELEMENTS
- fixed length control field: 230606|| aca||aabn | a|a d
040 ## - CATALOGING SOURCE
- Original cataloging agency: JO-AjAnu
- Transcribing agency: JO-AjAnu
150 ## - HEADING--TOPICAL TERM
- Topical term or geographic name entry element: تاريخ-تاريخ اللغة العربية-اللغة العربية
670 ## - SOURCE DATA FOUND
- Source citation: Work cat.: (JO-AjAnu)7286: تاليف محمد،عبد الحسين؛م.مشارك: رشيد عبد الرحمن؛ طارق عبد عون, author 14175, تاريخ العربية